| 000 | 00902nam a2200241Ia 4500 | ||
|---|---|---|---|
| 003 | OSt | ||
| 005 | 20221005104126.0 | ||
| 006 | a|||||r|||| 00| 0 | ||
| 007 | ta | ||
| 008 | 221004b |||||||| |||| 00| 0 hin d | ||
| 024 | _a30181 | ||
| 037 | _cTextual | ||
| 040 |
_aCRL _cCRL _bhin |
||
| 041 |
_2hin _ahin |
||
| 082 | _aW94.2'N, 152L8 | ||
| 100 | _aदेसाई, ए आर. | ||
| 245 | 0 | _aभारतीय राष्ट्रवाद की अद्युनातन प्रवृत्तियॉं | |
| 246 | _aBhāratīya rāṣhṭravād kī adyunātan pravṛuttiyaॉan | ||
| 260 |
_aदिल्ली _bदि मैकमिलन कंपनी ऑफ इंडिया लिमिटेड भारत _c1978 |
||
| 300 |
_a158पृ. _ccm. |
||
| 942 |
_hW94.2'N, 152L8 _cTEXL _2cc |
||
| 999 |
_c1011787 _d1011787 |
||